<An> Elementary account of Amari's expected geometry

Na minha lista:
Detalhes bibliográficos
Autor principal: Critchley, Frank
Outros Autores: Marriott, Paul, Salmon, Mark
Formato: Livro
Idioma:inglês
Publicado em: San Domenico (FI) European University Institute 1994
Colecção:EUI Working paper ECO No. 94/12
Assuntos:
Tags: Adicionar Tag
Sem tags, seja o primeiro a adicionar uma tag!

MARC

LEADER 00000nam a2200000 4500
001 c141259
005 20221123112313.6
041 0 |a eng 
044 |a IT 
245 1 0 |a <An> Elementary account of Amari's expected geometry  |c Frank Critchley, Paul Marriott, Mark Salmon 
264 1 |a San Domenico (FI)  |b European University Institute  |c 1994 
300 |a 24 s. 
490 1 |a EUI Working paper ECO  |v No. 94/12 
830 0 |a EUI Working paper ECO  |v No. 94/12 
610 2 0 |a modelovanie ekonometrické 
610 2 0 |a modely ekonomicko-matematické 
100 1 |a Critchley, Frank 
700 1 |a Marriott, Paul 
700 1 |a Salmon, Mark